LEADER 01499nam 2200361 450 001 9910688198603321 005 20230626142659.0 035 $a(CKB)5580000000514614 035 $a(NjHacI)995580000000514614 035 $a(EXLCZ)995580000000514614 100 $a20230626d2022 uy 0 101 0 $aeng 135 $aur||||||||||| 181 $ctxt$2rdacontent 182 $cc$2rdamedia 183 $acr$2rdacarrier 200 00$aAdvanced Topics of Topology /$fFrancisco Bulnes, editor 210 1$aLondon :$cIntechOpen,$d2022. 215 $a1 online resource (136 pages) 311 $a1-80355-095-3 330 $aTopology is an area of mathematics that establishes relations and transformations between spaces with a certain structure depending on their position and considering the structure of the ambient space where these relations exist. This book discusses various concepts and theories of topology, including diffeomorphisms, immersions, Hausdorff spaces, cobordisms, homotopy theory, symplectic manifolds, topology of quantum field theory, algebraic varieties, dimension theory, Koszul complexes, continuum theory, and metrizability, among others. 606 $aTopology 606 $aHomotopy theory 615 0$aTopology. 615 0$aHomotopy theory. 676 $a514 702 $aBulnes$b Francisco 801 0$bNjHacI 801 1$bNjHacl 906 $aBOOK 912 $a9910688198603321 996 $aAdvanced Topics of Topology$92994795 997 $aUNINA LEADER 01847nam 2200541Ia 450 001 9910699916603321 005 20110825111651.0 035 $a(CKB)5470000002406794 035 $a(OCoLC)747821464 035 $a(EXLCZ)995470000002406794 100 $a20110825d2010 ua 0 101 0 $aeng 135 $aurbn||||||||| 181 $ctxt$2rdacontent 182 $cc$2rdamedia 183 $acr$2rdacarrier 200 10$aApplication of approximate unsteady aerodynamics for flutter analysis$b[electronic resource] /$fChan-gi Pak and Wesley W. Li 210 1$aEdwards, Calif. :$cNational Aeronautics and Space Administration, Dryden Flight Research Center,$d[2010] 215 $a1 online resource (20 pages) $cillustrations 225 1 $aNASA/TM ;$v2010-216387 300 $aTitle from title screen (viewed on Aug. 25, 2011). 300 $a"July 2010." 320 $aIncludes bibliographical references (page 20). 606 $aAerodynamic coefficients$2nasat 606 $aAerodynamics$2nasat 606 $aApproximation$2nasat 606 $aFlutter$2nasat 606 $aFlutter analysis$2nasat 606 $aPrediction analysis techniques$2nasat 606 $aUnsteady aerodynamics$2nasat 606 $aWings$2nasat 615 7$aAerodynamic coefficients. 615 7$aAerodynamics. 615 7$aApproximation. 615 7$aFlutter. 615 7$aFlutter analysis. 615 7$aPrediction analysis techniques. 615 7$aUnsteady aerodynamics. 615 7$aWings. 700 $aPak$b Chan-gi$01386346 701 $aLi$b Wesley W$01405427 712 02$aHugh L. Dryden Flight Research Center. 801 0$bGPO 801 1$bGPO 906 $aBOOK 912 $a9910699916603321 996 $aApplication of approximate unsteady aerodynamics for flutter analysis$93519791 997 $aUNINA